000 00539nam a2200145 a 4500
008 120416s2004 ||||||||||||||||| || u
050 _aIBRD(08)
100 _aPradhan, Menno
245 1 0 _aLocal conflict in Indonesia: measuring incidence and identifying patterns
260 _aWashington, D. C.
_bWorld Bank
_c2004
300 _a47p.: ill.
350 _a0.00
700 _aBarron, Patrick
995 _D0.00
_FCBU-MAIN LIBRARY (Kitwe)
_H1
_I0.00
_UAVAILABLE
_ZInternational Publications
999 _c49428
_d49428